000 00525nam a2200169Ia 4500
003 IN-BaIIA
008 211028s9999 xx 000 0 eng d
040 _cIIA Library
080 _a517.944
_bKEL
100 _aKellogg, Oliver Dimon
_95910
245 0 _aFoundations of potential theory
_cOliver Dimon Kellogg
260 _aNew York
_bDover Publications
_c1953
300 _aix, 384p.
650 _aAstronomy and Astrophysics Thesaurus
650 _aPotential Theory
_95911
942 _cBK
999 _c6114
_d6114